Belanda (industri pertanian)

Bibliographic Details
Main Author: Muhd. Fahmi Ishak
Format: Book
Published: Cheras, Selangor : Arena Educational Supply , 2020
Subjects:

MARC

LEADER 00000cam a2200000 7i4500
001 0000278372
005 20201001160916.0
020 |a 9789672053989 
090 0 0 |a 909.81   |b MUH 
100 0 |a Muhd. Fahmi Ishak 
245 1 0 |a Belanda (industri pertanian)   |c Muhd Fahmi Ishak 
260 |a Cheras, Selangor :   |b Arena Educational Supply ,   |c 2020 
300 |a 48p. ;   |c 29cm. 
650 0 |a Agriculture 
650 0 |a Industrial revolution 
651 0 |a Netherlands   |x History 
999 |a 00377370   |b BUKU   |c JUNIOR BOOKS   |e PERPUSTAKAAN KOMUNITI PETALING JAYA